[Event "Tournoi francophone 012 Groupe E"]
[Site "Skype"]
[Date "????.??.??"]
[Round "1.1"]
[White "Abate, Leonardo"]
[Black "Douichi, Mohammed"]
[Result "1-0"]
[WhiteElo "1000"]
[BlackElo "1277"]
[PlyCount "59"]

1. d4 d5 2. Nc3 Nf6 3. Nf3 Bf5 4. e3 e6 5. a3 Bd6 6. Be2 a6 7. O-O c6 8. b4
Nbd7 9. Bb2 Qc7 10. h3 Ne4 11. Bd3 Nxc3 12. Bxc3 Be4 13. Ne5 Nf6 14. f4 O-O 15.
Be1 h6 16. Bh4 Bxd3 17. Bxf6 Bxf1 18. Qg4 g5 19. fxg5 Be2 20. Qxe2 Bxe5 21.
Bxe5 f5 22. Bxc7 Rf7 23. Bd6 Kh7 24. Qh5 Kg8 25. g6 Rg7 26. Rf1 Rd8 27. Be5 Rh7
28. gxh7+ Kxh7 29. Rf3 Rg8 30. Qf7+ 1-0

[Event "Tournoi francophone 012 Groupe E"]
[Site "Skype"]
[Date "????.??.??"]
[Round "1.2"]
[White "Rivalta, Paolo"]
[Black "Abate, Luigi"]
[Result "1-0"]
[WhiteElo "1101"]
[BlackElo "1000"]
[PlyCount "25"]

1. Nc3 e5 2. e4 Nf6 3. d3 Nc6 4. Nf3 d6 5. d4 Bg4 6. h3 Bh5 7. g4 Bg6 8. d5 Nd4
9. Nxd4 exd4 10. Qxd4 c5 11. Qe3 Bxe4 12. Nxe4 Nxd5 13. Nf6# 1-0

[Event "Tournoi francophone 012 Groupe E"]
[Site "Skype"]
[Date "????.??.??"]
[Round "1.4"]
[White "Trapletti, Cosetta"]
[Black "Castiglione, Giovanni"]
[Result "1-0"]
[WhiteElo "1041"]
[BlackElo "1000"]
[PlyCount "63"]

1. d4 d5 2. Nf3 Nf6 3. e3 Nc6 4. Bd3 Bg4 5. Be2 Bf5 6. c4 e6 7. b3 Nb4 8. Nc3
Nc2+ 9. Kf1 Nxa1 10. Bd3 Bg4 11. cxd5 exd5 12. Bb2 Nxb3 13. Qxb3 g6 14. e4 c6
15. Qxb7 Bg7 16. Qxc6+ Ke7 17. Ba3+ Qd6 18. Bxd6+ Ke6 19. Bf4+ Ke7 20. Nxd5+
Nxd5 21. exd5 Rac8 22. d6+ Ke6 23. d5+ Kf6 24. d7+ Rxc6 25. dxc6 Bxd7 26. cxd7
h5 27. h4 a5 28. Bb5 Kf5 29. Be3 f6 30. Bd3+ Kg4 31. Rh3 g5 32. Rg3# 1-0

[Event "Tournoi francophone 012 Groupe E"]
[Site "Skype"]
[Date "????.??.??"]
[Round "1.5"]
[White "Hampton, Irene"]
[Black "Gagnon, Sindy"]
[Result "0-1"]
[WhiteElo "1000"]
[BlackElo "1040"]
[PlyCount "94"]

1. d4 c6 2. Nf3 d5 3. Bf4 Nd7 4. e3 e6 5. c3 Be7 6. Bd3 Ngf6 7. O-O O-O 8. Nbd2
b6 9. Qc2 g6 10. Ng5 Bb7 11. Rfe1 c5 12. Nb3 cxd4 13. Nxd4 Nc5 14. Bf1 Nfd7 15.
b4 Ne4 16. Nxe4 dxe4 17. c4 e5 18. Nf5 exf4 19. Nh6+ Kh8 20. Qc3+ Bf6 21. Qc1
Kg7 22. Ng4 Be7 23. exf4 e3 24. Rxe3 Bxb4 25. Qb2+ Kg8 26. Qxb4 a5 27. Qc3 h5
28. Nh6+ Kh7 29. Qd3 Kxh6 30. Rh3 Nf6 31. Be2 Qc8 32. g4 Qc6 33. f3 Kg7 34. g5
Ng4 35. f5 Rh8 36. Rh4 Ne5 37. Qc3 Qc5+ 38. Kg2 Kf8 39. Rc1 Re8 40. Kg3 Rh7 41.
Rc2 gxf5 42. Kf4 Ng6+ 43. Kg3 Qg1+ 44. Kh3 Nf4+ 45. Rxf4 Bc8 46. Rxf5 Bxf5+ 47.
Kh4 Qxh2# 0-1

[Event "Tournoi francophone 012 Groupe E"]
[Site "Skype"]
[Date "????.??.??"]
[Round "1.6"]
[White "Schnell, Nicolas"]
[Black "Taillandier, Vivien"]
[Result "1-0"]
[WhiteElo "1039"]
[BlackElo "1000"]
[PlyCount "43"]

1. e4 e5 2. Nf3 Nf6 3. Nc3 d6 4. Bd3 Be6 5. Ng5 Bg4 6. Bb5+ c6 7. Be2 Qd7 8.
Nf3 d5 9. d3 d4 10. Nxe5 Qe6 11. Nxg4 dxc3 12. b3 Bc5 13. O-O Nbd7 14. Re1 O-O
15. Nh6+ gxh6 16. Bxh6 Nxe4 17. Qc1 Bxf2+ 18. Kf1 Bxe1 19. Kxe1 Rfe8 20. dxe4
Qxe4 21. Qg5+ Kh8 22. Qg7# 1-0

[Event "Tournoi francophone 012 Groupe E"]
[Site "Skype"]
[Date "????.??.??"]
[Round "1.7"]
[White "Tolaro, Filippa"]
[Black "Morin, Claude"]
[Result "1/2-1/2"]
[WhiteElo "1000"]
[BlackElo "1025"]
[PlyCount "115"]

1. d4 d5 2. Bf4 Nf6 3. Nf3 c6 4. e3 e6 5. c3 Be7 6. h3 O-O 7. Bd3 Nbd7 8. Nbd2
Nh5 9. Bh2 c5 10. Ne5 Ndf6 11. Ng4 cxd4 12. cxd4 g6 13. O-O Ng7 14. Rc1 Qb6 15.
b3 Bd7 16. Rc7 Bb5 17. Nh6+ Kh8 18. Bxb5 Qxb5 19. Rxe7 Rae8 20. Rxe8 Rxe8 21.
Nxf7+ Kg8 22. Nd6 Qd7 23. Nxe8 Qxe8 24. Be5 Qf7 25. Qf3 Nf5 26. Qf4 h6 27. Bxf6
Qxf6 28. e4 e5 29. Qg4 dxe4 30. Nxe4 Qe6 31. dxe5 Qxe5 32. Qxg6+ Kf8 33. Qg4
Ke7 34. f4 Qxe4 35. Rc1 b6 36. Rc7+ Kd6 37. Qg6+ Qe6 38. Qxe6+ Kxe6 39. Rxa7
Ne3 40. Rh7 h5 41. Rxh5 Nd1 42. f5+ Ke5 43. a4 Nc3 44. g4 b5 45. f6+ Kxf6 46.
Rf5+ Kg6 47. axb5 Nxb5 48. Rxb5 Kh6 49. g5+ Kh5 50. Kg2 Kg6 51. Kg3 Kh5 52. h4
Kg6 53. Kg4 Kg7 54. h5 Kh7 55. Rb7+ Kh8 56. g6 Kg8 57. Rb8+ Kg7 58. Kg5 1/2-1/2

[Event "Tournoi francophone 012 Groupe E"]
[Site "Skype"]
[Date "????.??.??"]
[Round "2.1"]
[White "Gagnon, Sindy"]
[Black "Rivalta, Paolo"]
[Result "0-1"]
[WhiteElo "1040"]
[BlackElo "1101"]
[PlyCount "44"]

1. e4 c5 2. Nf3 d6 3. c3 Nc6 4. d4 e5 5. Be3 Nf6 6. dxe5 dxe5 7. Qc2 Bd6 8. Bc4
O-O 9. O-O Be6 10. Bd3 c4 11. Be2 b5 12. Nbd2 a6 13. b3 b4 14. bxc4 bxc3 15.
Qxc3 Bb4 16. Qxe5 Nxe5 17. Nxe5 Bxd2 18. Bxd2 Qxd2 19. Rad1 Qxe2 20. Rd3 Rad8
21. Rf3 Rd1 22. Re3 Qxf1# 0-1

[Event "Tournoi francophone 012 Groupe E"]
[Site "Skype"]
[Date "????.??.??"]
[Round "2.2"]
[White "Mimouni, Driss"]
[Black "Schnell, Nicolas"]
[Result "1-0"]
[WhiteElo "1083"]
[BlackElo "1039"]
[PlyCount "69"]

1. e4 e5 2. d4 Qh4 3. Nf3 Qf6 4. dxe5 Bb4+ 5. c3 Qb6 6. Be3 c5 7. Bc4 Nc6 8.
Ng5 Nh6 9. Qh5 O-O 10. cxb4 Qxb4+ 11. Nd2 Nxe5 12. a3 Qxb2 13. O-O Nxc4 14.
Nxc4 Qb3 15. Ne5 d6 16. Nexf7 Rxf7 17. Nxf7 Nxf7 18. Qh4 Bd7 19. Rfd1 Bb5 20.
Qf4 Ne5 21. h3 Nd3 22. Qxd6 c4 23. Bd4 c3 24. Qd5+ Kf8 25. Qxb3 Bc6 26. Bc5+
Ke8 27. Qg8+ Kd7 28. Rxd3+ Kc7 29. Qxa8 b6 30. Qxa7+ Bb7 31. Qxb6+ Kb8 32. Qd8+
Bc8 33. Rd7 c2 34. Ba7+ Ka8 35. Qxc8# 1-0

[Event "Tournoi francophone 012 Groupe E"]
[Site "Skype"]
[Date "????.??.??"]
[Round "2.3"]
[White "Abate, Leonardo"]
[Black "Trapletti, Cosetta"]
[Result "1-0"]
[WhiteElo "1000"]
[BlackElo "1041"]
[PlyCount "37"]

1. c4 Nc6 2. d4 d5 3. e3 Bf5 4. cxd5 Nb4 5. Na3 Nxd5 6. Ne2 e6 7. Nc3 c6 8.
Nxd5 Qxd5 9. b3 b5 10. Nc2 c5 11. Bxb5+ Kd8 12. O-O Rb8 13. Be2 Nf6 14. h3 Bd6
15. Bb2 e5 16. dxc5 Qxc5 17. Bd3 e4 18. Nd4 Qe5 19. Nc6+ 1-0

[Event "Tournoi francophone 012 Groupe E"]
[Site "Skype"]
[Date "????.??.??"]
[Round "2.4"]
[White "Morin, Claude"]
[Black "Douichi, Mohammed"]
[Result "0-1"]
[WhiteElo "1025"]
[BlackElo "1277"]
[PlyCount "40"]

1. d4 Nf6 2. c4 e5 3. e3 e4 4. a3 d5 5. Nc3 c6 6. h3 Be6 7. f3 dxc4 8. fxe4
Nxe4 9. Nxe4 Qh4+ 10. Ng3 Qxg3+ 11. Kd2 Qf2+ 12. Qe2 Qf6 13. b3 cxb3 14. Rb1
Bd6 15. Kd1 O-O 16. Nf3 Nd7 17. Bd2 Bxa3 18. Bc3 Nb6 19. Bb2 Bc4 20. Rc1 Bxe2+
0-1

[Event "Tournoi francophone 012 Groupe E"]
[Site "Skype"]
[Date "????.??.??"]
[Round "2.5"]
[White "Abate, Luigi"]
[Black "Tolaro, Filippa"]
[Result "1-0"]
[WhiteElo "1000"]
[BlackElo "1000"]
[PlyCount "63"]

1. d4 d5 2. Nc3 c6 3. Nf3 Bf5 4. Bg5 h6 5. Bh4 Nf6 6. e3 Nbd7 7. Bd3 Bxd3 8.
Qxd3 e6 9. Ne5 Qe7 10. O-O O-O-O 11. h3 g5 12. Bg3 Ne4 13. Nxe4 Nxe5 14. Bxe5
dxe4 15. Qxe4 Rg8 16. Qh7 Rg7 17. Bxg7 Bxg7 18. Qxg7 h5 19. Rad1 h4 20. Rfe1 g4
21. Qxg4 f5 22. Qf4 Qg7 23. Qxh4 Rg8 24. Qg3 Qf7 25. Qf3 Qg7 26. g3 b6 27.
Qxc6+ Kd8 28. Qxe6 Rf8 29. Rd3 f4 30. Rc3 Qc7 31. Rxc7 Kxc7 32. Qe7+ 1-0

[Event "Tournoi francophone 012 Groupe E"]
[Site "Skype"]
[Date "????.??.??"]
[Round "2.6"]
[White "Castiglione, Giovanni"]
[Black "Hampton, Irene"]
[Result "1-0"]
[WhiteElo "1000"]
[BlackElo "1000"]
[PlyCount "23"]

1. e4 e5 2. Nf3 Nc6 3. Bc4 Bc5 4. c3 Nge7 5. b4 Bb6 6. b5 Na5 7. Ng5 O-O 8. Ba3
Nxc4 9. Bc1 d6 10. h4 Bd7 11. Qh5 f6 12. Qxh7# 1-0

[Event "Tournoi francophone 012 Groupe E"]
[Site "Skype"]
[Date "????.??.??"]
[Round "3.1"]
[White "Rivalta, Paolo"]
[Black "Mimouni, Driss"]
[Result "1/2-1/2"]
[WhiteElo "1095"]
[BlackElo "1095"]
[PlyCount "112"]

1. d4 d5 2. e3 e6 3. Nf3 Nc6 4. Bd3 Nf6 5. c3 Bd6 6. Nbd2 e5 7. Nxe5 Nxe5 8.
dxe5 Bxe5 9. Nf3 Bg4 10. h3 Bh5 11. Qa4+ Nd7 12. Nxe5 Bg6 13. Be2 Bf5 14. f3
Qh4+ 15. Kf1 Qxa4 16. b3 Qh4 17. f4 Nf6 18. Nf3 Qg3 19. Bd2 Ne4 20. Be1 Qg6 21.
Rd1 Ng3+ 22. Bxg3 Qxg3 23. Rxd5 Qg6 24. Kf2 O-O 25. Rhd1 Qf6 26. Ng5 Rad8 27.
Bc4 c6 28. Rxd8 Rxd8 29. Bxf7+ Kf8 30. Bh5 Rxd1 31. Bxd1 Qxc3 32. Bf3 Qd2+ 33.
Kg3 Qe1+ 34. Kh2 Qf2 35. a4 Qa2 36. Bd1 h6 37. Nf3 Be4 38. Kg3 a5 39. h4 Qa1
40. Be2 Bxf3 41. Bxf3 Qe1+ 42. Kg4 Qxe3 43. h5 Qxb3 44. g3 Qxa4 45. Kf5 Qb5+
46. Kg6 Qd3+ 47. f5 Qxf3 48. Kh7 Qxf5+ 49. Kh8 Qxh5 50. Kh7 a4 51. g4 Qxg4 52.
Kh8 a3 53. Kh7 a2 54. Kh8 a1=Q 55. Kh7 Qb1+ 56. Kh8 g5 1/2-1/2

[Event "Tournoi francophone 012 Groupe E"]
[Site "Skype"]
[Date "????.??.??"]
[Round "3.3"]
[White "Douichi, Mohammed"]
[Black "Castiglione, Giovanni"]
[Result "1-0"]
[WhiteElo "1277"]
[BlackElo "1000"]
[PlyCount "45"]

1. e4 e5 2. Nf3 Nf6 3. Nc3 Bb4 4. Nxe5 Nc6 5. Nf3 d6 6. Nd5 Ba5 7. Bd3 Bg4 8.
O-O Nd4 9. Nxf6+ Qxf6 10. c3 Nxf3+ 11. Kh1 Qf4 12. g3 Qe5 13. Qb3 Qh5 14. h4
Bh3 15. Qxb7 O-O 16. Qb5 Qg4 17. Be2 Rfe8 18. d3 Nxh4 19. Bxg4 Bxf1 20. gxh4
Bb6 21. Kg1 a6 22. Qd5 Re7 23. Qxa8+ 1-0

[Event "Tournoi francophone 012 Groupe E"]
[Site "Skype"]
[Date "????.??.??"]
[Round "3.4"]
[White "Taillandier, Vivien"]
[Black "Abate, Luigi"]
[Result "0-1"]
[WhiteElo "1000"]
[BlackElo "1134"]
[PlyCount "52"]

1. e4 e5 2. Nf3 Nc6 3. d4 d6 4. d5 Nb4 5. c4 Nf6 6. Nc3 Bg4 7. Be2 Nh5 8. Qa4+
c6 9. Qxb4 Qd7 10. Be3 c5 11. Qa5 Nf4 12. Nxe5 dxe5 13. Bxg4 Qxg4 14. Qa4+ Kd8
15. f3 Qxg2 16. Qa5+ b6 17. Qb5 Qxh1+ 18. Kd2 Qxa1 19. Qc6 Qxb2+ 20. Kd1 Qxc3
21. Qxa8+ Ke7 22. Qxa7+ Kf6 23. Qxb6+ Kg5 24. Qd8+ f6 25. Bf2 Qd3+ 26. Ke1 Qe2#
0-1

[Event "Tournoi francophone 012 Groupe E"]
[Site "Skype"]
[Date "????.??.??"]
[Round "3.5"]
[White "Trapletti, Cosetta"]
[Black "Gagnon, Sindy"]
[Result "1-0"]
[WhiteElo "1050"]
[BlackElo "1031"]
[PlyCount "51"]

1. d4 d5 2. Nf3 Nc6 3. e3 Nf6 4. Bd3 e6 5. c4 dxc4 6. Bxc4 Nd5 7. Nc3 Bb4 8.
O-O Nxc3 9. bxc3 Bxc3 10. Rb1 O-O 11. Rb3 Ba5 12. Ne5 Qd6 13. Nxc6 Qxc6 14. Rc3
Bxc3 15. Qd3 Bb4 16. e4 a5 17. a3 a4 18. axb4 a3 19. Ba2 Rd8 20. Bxa3 e5 21.
Rc1 Qxc1+ 22. Bxc1 Rxa2 23. d5 Ra1 24. Qc2 b6 25. Qxc7 Ba6 26. Qxd8# 1-0

[Event "Tournoi francophone 012 Groupe E"]
[Site "Skype"]
[Date "????.??.??"]
[Round "3.6"]
[White "Hampton, Irene"]
[Black "Morin, Claude"]
[Result "1-0"]
[WhiteElo "1000"]
[BlackElo "1025"]
[PlyCount "39"]

1. d4 d5 2. Nf3 c6 3. Bf4 Nf6 4. e3 e6 5. Bd3 Be7 6. c4 O-O 7. O-O Nbd7 8. Qc2
dxc4 9. Bxc4 b5 10. Bb3 a6 11. e4 Nh5 12. Be3 Bb7 13. Nbd2 Qc7 14. g3 a5 15.
Qd3 a4 16. Bc2 Bd6 17. Ng5 Rfe8 18. e5 Be7 19. Qxh7+ Kf8 20. Qh8# 1-0

[Event "Tournoi francophone 012 Groupe E"]
[Site "Skype"]
[Date "????.??.??"]
[Round "4.1"]
[White "Abate, Luigi"]
[Black "Abate, Leonardo"]
[Result "0-1"]
[WhiteElo "1134"]
[BlackElo "1000"]
[PlyCount "54"]

1. d4 Nc6 2. Nf3 d6 3. e4 f5 4. e5 dxe5 5. d5 e4 6. Ng5 Nb4 7. Bb5+ Bd7 8. Ne6
Qc8 9. Bxd7+ Qxd7 10. Nxf8 Kxf8 11. c4 Nd3+ 12. Ke2 b5 13. b3 Nf6 14. Be3 Ng4
15. Qd2 bxc4 16. f3 Nge5 17. Qc3 cxb3 18. Qxb3 g6 19. fxe4 fxe4 20. Nc3 Qg4+
21. Kf1 Kg7 22. h3 Rhf8+ 23. Kg1 Qg3 24. Nd1 Rab8 25. Bf2 Rxf2 26. Nxf2 Qxf2+
27. Kh2 Nf3# 0-1

[Event "Tournoi francophone 012 Groupe E"]
[Site "Skype"]
[Date "????.??.??"]
[Round "4.2"]
[White "Schnell, Nicolas"]
[Black "Rivalta, Paolo"]
[Result "0-1"]
[WhiteElo "1104"]
[BlackElo "1095"]
[PlyCount "72"]

1. e4 e5 2. Bc4 d6 3. Qh5 g6 4. Qf3 Qf6 5. Qd3 Nc6 6. Nf3 Be6 7. Bb5 Nge7 8.
Qe3 Bg7 9. Ng5 Bh6 10. f4 Qxf4 11. Qc3 Qh4+ 12. g3 Qxg5 13. Rf1 O-O 14. Bc4 d5
15. exd5 Bxd5 16. Bxd5 Nxd5 17. Qd3 Rad8 18. Qe2 Ncb4 19. Na3 Rde8 20. d3 Ne3
21. Bxe3 Qxe3 22. Qxe3 Bxe3 23. Rd1 Rd8 24. Ke2 Bc5 25. Rf3 Rfe8 26. Rdf1 f5
27. Nc4 e4 28. Rf4 exd3+ 29. Kd2 dxc2+ 30. Kc1 Rd1+ 31. Rxd1 cxd1=Q+ 32. Kxd1
Rd8+ 33. Ke1 Nc2+ 34. Ke2 Re8+ 35. Kf3 b5 36. Na5 Ne1# 0-1

[Event "Tournoi francophone 012 Groupe E"]
[Site "Skype"]
[Date "????.??.??"]
[Round "4.3"]
[White "Mimouni, Driss"]
[Black "Trapletti, Cosetta"]
[Result "1-0"]
[WhiteElo "1095"]
[BlackElo "1050"]
[PlyCount "123"]

1. e4 e5 2. d4 Nc6 3. Nf3 d6 4. Nc3 Be6 5. d5 Bg4 6. dxc6 bxc6 7. Be2 Be6 8. b3
c5 9. Bb5+ Bd7 10. Bc4 Nf6 11. Ng5 d5 12. Nxd5 Nxd5 13. Bxd5 Be6 14. Nxe6 fxe6
15. Bxa8 Qxa8 16. O-O Qxe4 17. Qd2 Be7 18. f3 Qg6 19. g3 O-O 20. Bb2 Bf6 21.
Qd7 Re8 22. Qxc7 Qxc2 23. Ba3 Be7 24. Rfe1 Qc3 25. Qxa7 Qxf3 26. Bxc5 Bxc5+ 27.
Qxc5 Qf5 28. Qc6 Qf7 29. Rxe5 h6 30. b4 Rd8 31. Rxe6 Rd2 32. Rf1 Qh5 33. h4 Qg4
34. Re8+ Kh7 35. Qe4+ Qg6 36. Qxg6+ Kxg6 37. Re6+ Kh7 38. a4 Rd4 39. Rb1 h5 40.
a5 Rd8 41. Re5 g6 42. Re7+ Kh6 43. a6 Rb8 44. b5 g5 45. Re6+ Kg7 46. hxg5 Rf8
47. a7 Rf5 48. a8=Q Kf7 49. Qa7+ Kxe6 50. Qa6+ Ke5 51. Re1+ Kd5 52. Qc6+ Kd4
53. Rd1+ Ke5 54. Rd5+ Ke4 55. Qe8+ Kxd5 56. b6 Rf6 57. Qd8+ Rd6 58. Qa8+ Kc5
59. b7 Kd5 60. b8=Q+ Ke5 61. Qb5+ Ke6 62. Qae8# 1-0

[Event "Tournoi francophone 012 Groupe E"]
[Site "Skype"]
[Date "????.??.??"]
[Round "4.5"]
[White "Gagnon, Sindy"]
[Black "Castiglione, Giovanni"]
[Result "0-1"]
[WhiteElo "1031"]
[BlackElo "1000"]
[PlyCount "34"]

1. e4 e5 2. Nf3 Nc6 3. c3 Nf6 4. d4 Bd6 5. Bg5 h6 6. Bh4 g5 7. Bg3 Nxe4 8. dxe5
Bc5 9. Bd3 Nxg3 10. hxg3 Qe7 11. Nbd2 f6 12. Qc2 fxe5 13. Bc4 d6 14. Bd5 Be6
15. Be4 O-O-O 16. O-O-O Bxa2 17. b3 Ba3+ 0-1

[Event "Tournoi francophone 012 Groupe E"]
[Site "Skype"]
[Date "????.??.??"]
[Round "4.6"]
[White "Taillandier, Vivien"]
[Black "Hampton, Irene"]
[Result "1-0"]
[WhiteElo "1000"]
[BlackElo "1000"]
[PlyCount "43"]

1. e4 Nc6 2. Nf3 d6 3. d4 Nf6 4. Nc3 e6 5. Bd3 b6 6. Bg5 Be7 7. Qe2 Bb7 8. d5
h6 9. dxc6 Bxc6 10. Bb5 Qd7 11. Bxc6 Qxc6 12. e5 dxe5 13. Nxe5 Qxg2 14. Qb5+
Kd8 15. Nxf7+ Kc8 16. Qa6+ Kb8 17. O-O-O Rh7 18. Bxf6 gxf6 19. Rhg1 Qb7 20.
Rg8+ Bd8 21. Rgxd8+ Qc8 22. Rxc8# 1-0

[Event "Tournoi francophone 012 Groupe E"]
[Site "Skype"]
[Date "????.??.??"]
[Round "5.1"]
[White "Mimouni, Driss"]
[Black "Douichi, Mohammed"]
[Result "1/2-1/2"]
[WhiteElo "1095"]
[BlackElo "1277"]
[PlyCount "122"]

1. e4 Nc6 2. c4 e5 3. c5 Bxc5 4. Nf3 a6 5. d3 h6 6. Nbd2 d6 7. Nb3 Bb6 8. Be3
Bxe3 9. fxe3 Nf6 10. Qc2 Nb4 11. Qd1 Ng4 12. d4 Nxe3 13. Qb1 exd4 14. Nbxd4
Nec2+ 15. Nxc2 Nc6 16. Ncd4 Bd7 17. Nxc6 Bxc6 18. Bd3 Qe7 19. Nd4 Bd5 20. Nf5
Qe5 21. Qc2 O-O-O 22. O-O-O Bc6 23. Ne3 Qf4 24. Qd2 Bxe4 25. Bxe4 Qxe4 26. Rhf1
f6 27. Rf5 Rhe8 28. Qc3 Qxe3+ 29. Qxe3 Rxe3 30. Rf2 Rde8 31. Kd2 R8e5 32. Rc1
Kb8 33. Rc3 Rxc3 34. bxc3 Rd5+ 35. Kc2 Re5 36. c4 f5 37. Kb3 g5 38. Rf3 c5 39.
Rh3 Re2 40. Rxh6 Rxg2 41. Rh8+ Kc7 42. Rh7+ Kb6 43. h4 gxh4 44. Rxh4 Rg4 45.
Rh8 f4 46. Rd8 Kc7 47. Re8 f3 48. Re7+ Kc6 49. Re8 Kb6 50. Rd8 Kc7 51. Rf8 Rg3
52. Rf7+ Kc6 53. a4 f2+ 54. Kc2 Rg2 55. Kd2 f1=Q+ 56. Kc3 Rg3+ 57. Kd2 Qxf7 58.
a5 Qxc4 59. Ke1 Qc3+ 60. Ke2 Qd3+ 61. Ke1 Rf3 1/2-1/2

[Event "Tournoi francophone 012 Groupe E"]
[Site "Skype"]
[Date "????.??.??"]
[Round "5.2"]
[White "Rivalta, Paolo"]
[Black "Abate, Leonardo"]
[Result "1-0"]
[WhiteElo "1095"]
[BlackElo "1000"]
[PlyCount "90"]

1. e4 e5 2. Nf3 Nf6 3. d3 Nc6 4. Be3 d5 5. exd5 Nxd5 6. c4 Bb4+ 7. Bd2 Nf4 8.
a3 Bxd2+ 9. Qxd2 O-O 10. Nc3 Re8 11. Be2 Nxg2+ 12. Kd1 Nd4 13. Rg1 Nb3 14. Qg5
Qxg5 15. Nxg5 Nxa1 16. Rxg2 f6 17. Nge4 a6 18. Nxf6+ Kf8 19. Nxe8 Kxe8 20. Rxg7
Kd8 21. Rxh7 Bf5 22. Rh8+ Kd7 23. Rxa8 Nb3 24. Rf8 Be6 25. Rh8 Nd4 26. h3 Kc6
27. b4 b5 28. Rh7 Bf5 29. Rh6+ Kb7 30. Bf3+ Ka7 31. Rh8 Nxf3 32. Ke2 Ng1+ 33.
Ke3 Nxh3 34. Rf8 Be6 35. Nd5 Kb7 36. Ke4 Ng5+ 37. Kxe5 Bd7 38. c5 Ne6 39. Rf7
Kc6 40. Ne7+ Kb7 41. f4 Nd8 42. Rh7 Nc6+ 43. Nxc6 Bxc6 44. f5 Kc8 45. f6 Be8
1-0

[Event "Tournoi francophone 012 Groupe E"]
[Site "Skype"]
[Date "????.??.??"]
[Round "5.3"]
[White "Trapletti, Cosetta"]
[Black "Abate, Luigi"]
[Result "0-1"]
[WhiteElo "1050"]
[BlackElo "1134"]
[PlyCount "68"]

1. c4 f6 2. e3 d5 3. d4 dxc4 4. Bxc4 e6 5. Nc3 Bb4 6. Bd2 c5 7. Nf3 Nd7 8. O-O
Nb6 9. a3 Nxc4 10. axb4 Nxd2 11. Qxd2 cxd4 12. exd4 Ne7 13. Rae1 Bd7 14. d5 e5
15. d6 Nf5 16. Ne4 O-O 17. Qd5+ Kh8 18. g3 Qb6 19. Qc4 Bb5 20. Qd5 Bxf1 21.
Rxf1 Qxb4 22. b3 Nxd6 23. Nxd6 Rad8 24. Nxb7 Rxd5 25. Nh4 Qxb3 26. Nf5 Qxb7 27.
h4 Qb3 28. Kh2 Rfd8 29. Rg1 Rd1 30. Rg2 Qf3 31. Ne7 R1d2 32. g4 Rxf2 33. Rxf2
Qxf2+ 34. Kh3 Rd3# 0-1

[Event "Tournoi francophone 012 Groupe E"]
[Site "Skype"]
[Date "????.??.??"]
[Round "5.4"]
[White "Castiglione, Giovanni"]
[Black "Schnell, Nicolas"]
[Result "0-1"]
[WhiteElo "1000"]
[BlackElo "1104"]
[PlyCount "40"]

1. d4 e6 2. Nc3 Nc6 3. e3 Qf6 4. d5 Ne5 5. Bb5 c6 6. Ne4 Qd8 7. dxe6 fxe6 8.
Ba4 Qa5+ 9. Bd2 Qxa4 10. b3 Qxe4 11. f3 Qh4+ 12. g3 Qf6 13. f4 Ng6 14. Nf3 d5
15. h4 Bd6 16. h5 Nf8 17. g4 Qd8 18. g5 h6 19. Ke2 b6 20. Qf1 Ba6+ 0-1

[Event "Tournoi francophone 012 Groupe E"]
[Site "Skype"]
[Date "????.??.??"]
[Round "5.5"]
[White "Morin, Claude"]
[Black "Taillandier, Vivien"]
[Result "0-1"]
[WhiteElo "1025"]
[BlackElo "1000"]
[PlyCount "92"]

1. d4 d5 2. c4 Nf6 3. Nf3 e6 4. a3 c6 5. e3 Bd6 6. Bd3 O-O 7. Ne5 b5 8. c5 Be7
9. b4 Nbd7 10. Nxc6 Qe8 11. Nd2 Bb7 12. Na5 Ba6 13. c6 Nb6 14. Nf3 Bd6 15. O-O
Qb8 16. g3 Ng4 17. Kg2 Na4 18. Bc2 Nc3 19. Qd2 Ne4 20. Bxe4 dxe4 21. h3 exf3+
22. Kxf3 Nh2+ 23. Kg2 Nxf1 24. Kxf1 e5 25. d5 Qc8 26. Bb2 Qxh3+ 27. Ke2 Qg4+
28. f3 Qxg3 29. Qe1 Qg2+ 30. Qf2 Qg6 31. Nb3 Qc2+ 32. Kf1 Qxb3 33. Bxe5 Bxe5
34. c7 Bxa1 35. c8=Q Raxc8 36. d6 Rc1+ 37. Kg2 Rc2 38. Qxc2 Qxc2+ 39. Kg3 Be5+
40. f4 Bxd6 41. a4 Qg6+ 42. Kf3 Bb7+ 43. Ke2 Qg2+ 44. Kd3 Rc8 45. axb5 Qf1+ 46.
Kd4 Qd1# 0-1

[Event "Tournoi francophone 012 Groupe E"]
[Site "Skype"]
[Date "????.??.??"]
[Round "5.6"]
[White "Tolaro, Filippa"]
[Black "Gagnon, Sindy"]
[Result "1-0"]
[WhiteElo "1000"]
[BlackElo "1031"]
[PlyCount "103"]

1. d4 d5 2. Bf4 Bf5 3. Nf3 Nc6 4. e3 e6 5. c3 Be7 6. Nbd2 Nf6 7. h3 O-O 8. Be2
Bd6 9. Bg5 Qd7 10. Bxf6 gxf6 11. Nh4 Be4 12. Nxe4 dxe4 13. d5 exd5 14. Qxd5 Ne7
15. Qxe4 c5 16. Bd3 Ng6 17. Nxg6 hxg6 18. Qh4 Kg7 19. O-O-O Rh8 20. Qc4 Rae8
21. Be4 f5 22. Bd5 f4 23. Rde1 fxe3 24. fxe3 g5 25. Rhf1 Rhf8 26. b4 cxb4 27.
Qd4+ Be5 28. Qc4 Qa4 29. Kb2 Qa3+ 30. Kc2 Bxc3 31. Re2 Qb2+ 32. Kd3 Qa3 33.
Ref2 Rc8 34. Qb5 a6 35. Qxb7 Rc5 36. Rxf7+ Rxf7 37. Qxf7+ Kh6 38. e4 Qb2 39.
Qf8+ Kh5 40. g4+ Kh4 41. Qxc5 Qd2+ 42. Kc4 Kxh3 43. Be6 a5 44. Rf3+ Kg2 45. Rf5
a4 46. e5 Qc2 47. Bd5+ Kh3 48. Qe3+ Kxg4 49. Rxg5+ Kh4 50. Be4 Qxa2+ 51. Kb5 a3
52. Qg3# 1-0

[Event "Tournoi francophone 012 Groupe E"]
[Site "Skype"]
[Date "????.??.??"]
[Round "6.1"]
[White "Douichi, Mohammed"]
[Black "Rivalta, Paolo"]
[Result "1-0"]
[WhiteElo "1277"]
[BlackElo "1095"]
[PlyCount "79"]

1. d4 e6 2. e4 e5 3. d5 Nf6 4. Bd3 Bc5 5. Bg5 h6 6. Bh4 O-O 7. Nf3 d6 8. O-O
Bg4 9. Nbd2 c6 10. dxc6 bxc6 11. Nb3 Nbd7 12. Be2 Qb6 13. Qd3 Rad8 14. Nxc5
Qxc5 15. h3 Bh5 16. Qb3 Rb8 17. Qc4 Rxb2 18. Bxf6 Nxf6 19. Qxc5 dxc5 20. Bd3
Bxf3 21. gxf3 Rd8 22. a4 c4 23. Bxc4 Rxc2 24. Bb3 Rc3 25. Bd1 c5 26. Kg2 g5 27.
Be2 Nh5 28. Bb5 Nf4+ 29. Kg3 Ne2+ 30. Bxe2 h5 31. Bb5 Rf8 32. Rac1 h4+ 33. Kg2
Ra3 34. Rxc5 f6 35. Rc7 a6 36. Bc6 f5 37. exf5 Rxf5 38. Rd1 Rf8 39. Rdd7 Rf7
40. Bd5 1-0

[Event "Tournoi francophone 012 Groupe E"]
[Site "Skype"]
[Date "????.??.??"]
[Round "6.2"]
[White "Abate, Luigi"]
[Black "Mimouni, Driss"]
[Result "1-0"]
[WhiteElo "1134"]
[BlackElo "1095"]
[PlyCount "121"]

1. c4 e5 2. Nf3 d6 3. g3 Be6 4. d3 Nf6 5. Bg2 Nc6 6. Nc3 Be7 7. Ng5 h6 8. Nxe6
fxe6 9. O-O Nd4 10. e3 Nc6 11. Ne4 Nxe4 12. Bxe4 d5 13. cxd5 exd5 14. Bg2 e4
15. Bd2 exd3 16. Bc3 Bf6 17. Qh5+ Ke7 18. Bxf6+ gxf6 19. Qg6 Ne5 20. Qg7+ Nf7
21. Qg4 Qd7 22. Qd4 Qe6 23. Bxd5 Rad8 24. e4 c6 25. Qb4+ Qd6 26. Qxb7+ Rd7 27.
Qxc6 Qxc6 28. Bxc6 Rd6 29. Bd5 Ne5 30. Rad1 Nf3+ 31. Kg2 Ne5 32. b3 h5 33. f4
Ng4 34. Rxd3 h4 35. h3 Nh6 36. Rc1 Rhd8 37. Rdc3 f5 38. Rd3 fxe4 39. Bxe4 Rxd3
40. Bxd3 Rxd3 41. Rc7+ Ke8 42. gxh4 Rd2+ 43. Kf1 Rd1+ 44. Kf2 Nf5 45. h5 Rd2+
46. Ke1 Rd4 47. Rc6 Rxf4 48. h6 Re4+ 49. Kd2 Nxh6 50. Rxh6 Rd4+ 51. Kc2 Rd7 52.
h4 Kf8 53. Rg6 Rg7 54. h5 Rf7 55. h6 Rf2+ 56. Kc3 Rxa2 57. h7 Kf7 58. Rg8 Ra6
59. h8=Q Rc6+ 60. Kb2 Rg6 61. Qh7+ 1-0

[Event "Tournoi francophone 012 Groupe E"]
[Site "Skype"]
[Date "????.??.??"]
[Round "6.3"]
[White "Abate, Leonardo"]
[Black "Taillandier, Vivien"]
[Result "1-0"]
[WhiteElo "1000"]
[BlackElo "1000"]
[PlyCount "75"]

1. Nf3 d5 2. d4 Nc6 3. c4 e6 4. Nc3 Bb4 5. a3 Ba5 6. b4 Bb6 7. cxd5 exd5 8. Bf4
Bf5 9. e3 Nf6 10. Be2 O-O 11. h3 Ne4 12. Nxe4 Bxe4 13. O-O h6 14. Rc1 Ne7 15.
Bd3 Ng6 16. Bg3 c6 17. Qb3 Bxf3 18. gxf3 Nh4 19. f4 Nf3+ 20. Kh1 Nd2 21. Qc2
Nxf1 22. Rxf1 Qd7 23. Kh2 a5 24. Bh7+ Kh8 25. Rg1 axb4 26. Bh4 f5 27. Bg6 Rxa3
28. Qb2 Qd6 29. Qb1 b3 30. Bxf5 Ra2 31. Qxb3 Ra3 32. Qb1 Qc7 33. Be6 g5 34.
Bxg5 hxg5 35. Rxg5 Qd6 36. Qg6 Qe7 37. Rh5+ Qh7 38. Qxh7# 1-0